| 000 | 00485nam a22001937a 4500 | ||
|---|---|---|---|
| 003 | OSt | ||
| 005 | 20140310184337.0 | ||
| 008 | 121112t xxu||||| |||| 00| 0 eng d | ||
| 020 | _a043980938x | ||
| 050 |
_aPZ 7 _b.H313 2005 |
||
| 245 |
_aDon't forget to comeback / _cRobie Harris. |
||
| 260 |
_aNew York : _bScholastic Inc., _c1978 |
||
| 300 |
_bill. col. ; _c27 cm. |
||
| 521 | _aG2 | ||
| 526 | _c480 | ||
| 650 |
_aJuvenile _919009 |
||
| 942 |
_2lcc _cBK-SCHOLAS |
||
| 999 |
_c33769 _d33769 |
||